000 01502nam a2200421 i 4500
001 30321
003 KOSZ 005
005 20221122131647.0
008 961010s1994 pl a f |000 0 pol
040 _cKOSZ 005
_aKOSZ 005
_dKOSZ 005/EG
_dKOSZ 005/HR
041 0 _apol
_beng
046 _k1994
080 _a504.5
080 _a628.1/.8
080 _a(438)
245 0 0 _aChemia i inżynieria ekologiczna.
_nT. 1(nr 3) /
_c[red. nacz. Witold Wacławek] ;Towarzystwo Chemii i Inżynierii Ekologicznej.
246 1 0 _aMonitoring
260 _aOpole :
_bWydawnictwo Uniwersytetu Opolskiego,
_c1994.
300 _a451, [6] s. :
_brys., wykr. ;
_c24 cm.
336 _2rdacontent
_aTekst
_btxt
337 _2rdamedia
_aBez urządzenia pośredniczącego
_bn
338 _2rdacarrier
_aWolumin
_bnc
380 _aKsiążki
388 _a1901-2000
388 _a1989-2000
504 _aBibliogr. przy art.
650 7 _aInżynieria środowiska
650 7 _aOchrona środowiska
650 7 _aZanieczyszczenie powietrza
651 7 _aPolska
658 _aInżynieria i technika
658 _aOchrona środowiska
700 1 _aWacławek, Witold
_d(1938-2020)
_eRedakcja
710 1 _aTowarzystwo Chemii i Inżynierii Ekologicznej
710 2 _aWydawnictwo Uniwersytetu Opolskiego
_4pbl
856 _uhttp://koha.tu.koszalin.pl/cgi-bin/koha/opac-detail.pl?biblionumber=30321
_yKatalog online BPK
942 _cKS
_2UKD
999 _c30321
_d30321